000 00404nam a2200133 i 4500
001 bg
100 1 _aJankowski, Karol.
245 0 _aZastosowanie mikrografii i innych technik reprograficznych w dokumnetacji i informacji naukowej, technicznej i ekonomicznej /
_cK. Jankowski.
260 _aWarszawa,
_c1979.
040 _cBPK
041 _apol
942 _cKS
008 s pl f |000 0 pol
999 _c9421
_d9421
856 _uhttp://koha.tu.koszalin.pl/cgi-bin/koha/opac-detail.pl?biblionumber=9421
_yKatalog online BPK